000 00633nam a22001817a 4500
005 20250917100823.0
008 250915b |||||||| |||| 00| 0 eng d
020 _a9781779564535
082 _aDC 401.93 J259 2025
100 _aJankovic, Silvan.
_967417
245 _aChild language development :
_bmilestone, variation, and theories /
_cSilvan Jankovic.
260 _aCanada :
_bSociety Publishing,
_c©2025.
300 _axv, 402 pages :
_billustrations (some colors) ;
_c24 cm.
500 _aIncludes references and index.
650 0 _aLanguage acquisition.
_967643
650 0 _aLanguage Development.
_967644
942 _2ddc
_cDC
999 _c23760
_d23760